00614nam a22002177a 4500003000400000005001700004008004100021010001300062020002200075035002200097037001600119040001500135082001900150100001900169245004600188260003500234270005800269300002500327650002400352650002000376dpl20180620164200.0180620b xxu||||| |||| 00| 0 eng d aB-161962 c00.00a8189093904 aB-161962, B161973 bCen Lib/Ret aDPLbENc0 a658.31124bSTE aStella, Marry  aFacing job interviews /cby Marry Stella  aNew Delhi bLotus Press c2006 a4263/3, Ansari Road, Dariya Ganj bNew Delhi e110002 avii, 183p.c19cm(Hb) aOral Communication  aJob interviews